| Tag |
First Indicator |
Second Indicator |
Subfields |
| LEADER |
00000cam a2200000 i 4500 |
| 001 |
in00003608849 |
| 005 |
20170928110122.0 |
| 008 |
150227t20162016enka b 001 0 eng |
| 010 |
|
|
|a 2015003598
|
| 020 |
|
|
|a 9781118486665
|q hardcover
|
| 020 |
|
|
|a 1118486668
|q hardcover
|
| 035 |
|
|
|a (OCoLC)ocn895728376
|
| 040 |
|
|
|a DLC
|e rda
|c DLC
|d UtOrBLW
|
| 049 |
|
|
|a TXAM
|
| 050 |
0 |
0 |
|a CC135
|b .C535 2016
|
| 082 |
0 |
0 |
|a 363.6/9
|2 23
|
| 245 |
0 |
2 |
|a A companion to heritage studies /
|c edited by William Logan, Máiréad Nic Craith, and Ullrich Kockel.
|
| 264 |
|
1 |
|a Chichester, West Sussex, UK ;
|a Malden, Massachusetts :
|b John Wiley & Sons, Inc.,
|c [2016]
|
| 264 |
|
4 |
|c ©2016
|
| 300 |
|
|
|a xxi, 597 pages :
|b illustrations ;
|c 25 cm.
|
| 336 |
|
|
|a text
|b txt
|2 rdacontent
|
| 337 |
|
|
|a unmediated
|b n
|2 rdamedia
|
| 338 |
|
|
|a volume
|b nc
|2 rdacarrier
|
| 490 |
1 |
|
|a Blackwell companions to anthropology ;
|v 28
|
| 504 |
|
|
|a Includes bibliographical references and index.
|
| 505 |
0 |
|
|a The New Heritage Studies : Origins and Evolution, Problems and Prospects / William Logan, Ullrich Kockel and Mairead Nic Craith -- Heritage places : Evolving conceptions and changing forms / Neil Silberman -- From folklore to intangible heritage / Kristin Kuutma -- Cultural Heritage and Intellectual Property : Convergence, Divergence and Interface / Folarin Shyllon -- Intangible Heritage and embodiment : Japan's influence on the global heritage discourse / Natsuko Akagawa -- The Politics of Heritage in the Land of Food and Wine / Marion Demossier -- (Re)visioning the Ma'ohi landscape of Marae Taputapuatea, French Polynesia : World Heritage and Indigenous knowledge systems in the Pacific Islands / Anita Smith -- The Kingdom of Death as a Heritage Site : Making Sense of Auschwitz / Jonathan Webber -- The Memory of the World and its Hidden Facets / Anca Claudia Prodan -- African Indigenous Heritage in Colonial and Post-colonial Museums : The Case of the Batwa from Africa's Great Lakes Region / Maurice Mugabowagahunde -- Valuing the Past, or, Untangling the Social, Political, and Economic Importance of Cultural Heritage Sites / Brenda Trofanenko -- Cultural Heritage under the Gaze of International Tourism Marketing Campaigns / Helaine Silverman and Richard Hallett -- Heritagescaping and the aesthetics of refuge : challenges to urban sustainability / Tim Winter -- Cultural Heritage as a Strategy for Social Needs and Community Identity / Keir Reeves and Gertjan Plets -- Heritage in the Digital Age / Maria Economou -- World Heritage and National Hegemony : The Discursive Formation of Chinese Political Authority / Haiming Yan -- War Museums and Memory Wars in Contemporary Poland / Julie Fedor -- Heritage in an Expanded Field : Reconstructing Bridge-ness in Mostar / Andrea Connor -- Heritage Under Fire : Lessons from Iraq for Cultural Property Protection / Benjamin Isakhan -- Intentional destruction of heritage : Bamiyan and Timbuktu / Christian Manhart -- Heritage and the Politics of Cultural Obliteration : The Case of the Andes / Hugo Benavides Recasting Heritage -- The Economic Feasibility of Heritage Preservation / Ron van Oers UNESCO and cultural heritage: unexpected consequences / Christina Cameron The Limits of Heritage: Corporate Interests and Cultural Rights on Resource Frontiers / Rosemary J. Coombe and Melissa Baird -- Indigenous Peoples' Rights and the World Heritage Convention / Stefan Disko -- UNESCO, the World Heritage Convention and Africa : The Practice and the Practitioners / George Abungu -- World Heritage Places in Africa : What benefits from nomination and inscription? / Webber Ndoro -- Heritage in the "Asian Century" : Responding to Geopolitical Change / Zeynep Aygen and Willam Logan -- (Re-)Building Heritage : Integrating Tangible and Intangible / Mairead Nic Craith and Ullrich Kockel -- The elephant in the room : heritage, affect and emotion / Laurajane Smith and Gary Campbell -- Cross-cultural encounters and "difficult heritage" on the Thai-Burma railway : An ethics of cosmopolitanism rather than practices of exclusion / Andrea Whitcomb -- Heritage and Cosmopolitanism / Lynn Meskell -- "Putting Broken Pieces Back Together" : Reconciliation, Justice and Heritage in Post-Conflict Situations / Patrick Daly and Benjamin Chan -- Achieving Dialogue through Transnational World Heritage Nomination : A Case Study of The Silk Roads / Ona Vileikis -- World Heritage: Alternative Futures / Britta Rudolff and Kristal Buckley -- Challenges for International Cultural Heritage Law / Ana Vrdoljak -- Heritage and Education, Training and Capacity-Building / William Logan and Gamini Wijesuriya.
|
| 520 |
|
|
|a A Companion to Heritage Studies is a comprehensive, state-of-the-art survey of the interdisciplinary study of cultural heritage.
|
| 650 |
|
0 |
|a Cultural property.
|0 http://id.loc.gov/authorities/subjects/sh97000183
|
| 650 |
|
0 |
|a Historic sites.
|0 http://id.loc.gov/authorities/subjects/sh85061115
|
| 650 |
|
0 |
|a National characteristics.
|0 http://id.loc.gov/authorities/subjects/sh85089948
|
| 650 |
|
0 |
|a Ethnicity.
|0 http://id.loc.gov/authorities/subjects/sh85045187
|
| 650 |
|
7 |
|a SOCIAL SCIENCE / Anthropology / Cultural.
|2 bisacsh
|
| 700 |
1 |
|
|a Logan, William,
|d 1948-
|e editor.
|0 http://id.loc.gov/authorities/names/no97044729
|
| 700 |
1 |
|
|a Nic Craith, Máiréad,
|e editor.
|0 http://id.loc.gov/authorities/names/n94018800
|
| 700 |
1 |
|
|a Kockel, Ullrich,
|e editor.
|0 http://id.loc.gov/authorities/names/n95120360
|
| 830 |
|
0 |
|a Blackwell companions to anthropology ;
|v 28.
|0 http://id.loc.gov/authorities/names/n2003045317
|
| 945 |
|
|
|a PromptCat
|
| 946 |
|
|
|a stk
|
| 947 |
|
|
|a A14843345548
|
| 948 |
|
|
|a cataloged
|b h
|c 2015/12/17
|d c
|e dmitchel
|f 9:00:00 am
|
| 994 |
|
|
|a 92
|b TXA
|
| 999 |
f |
f |
|s b932b836-d439-3d6b-96e0-55fefdb22247
|i d0e7763c-52e3-38d6-85c5-0f1f3968dbf6
|t 0
|
| 952 |
f |
f |
|p normal
|a Texas A&M University
|b College Station
|c Sterling C. Evans Library
|d Evans: Library Stacks
|t 0
|e CC135 .C535 2016
|h Library of Congress classification
|i unmediated -- volume
|m A14843345548
|
| 998 |
f |
f |
|a CC135 .C535 2016
|t 0
|l Evans: Library Stacks
|